[Event "105th British-ch 2018"]
[Site "Hull"]
[Date "2018.08.01"]
[Round "5"]
[White "Mcshane, Luke J"]
[Black "Adams, Michael"]
[Result "1/2-1/2"]
[WhiteElo "2669"]
[BlackElo "2706"]
[Annotator "TA"]
[PlyCount "35"]
[EventDate "2018.07.28"]
[EventType "swiss"]
[EventCountry "GBR"]
[SourceTitle "playchess.com"]
[Source "ChessBase"]
[SourceQuality "1"]

{[%evp 11,35,18,21,10,22,21,33,35,26,27,30,31,26,31,37,26,35,37,35,0,5,0,0,0,9,2]} 1. e4 e5 2. Nf3 Nc6 3. Bc4 Bc5 4. d3 Nf6 5. Nc3 d6 6. Na4 Bb6 {LiveBook: 33 Games. C50: Hungarian Defence and Giuoco Pianissimo} 7. a3 Ne7 $146 ({Predecessor:} 7... O-O 8. O-O Ne7 9. Nxb6 axb6 10. Bg5 Be6 11. Bxf6 gxf6 12. Nh4 d5 13. exd5 Nxd5 14. d4 {1-0 (49) Karjakin,S (2778)-Topalov,V (2749) Shamkir 2018}) 8. Bg5 Ng6 9. Nxb6 axb6 10. Nh4 h6 11. Nxg6 fxg6 12. Be3 Qe7 13. O-O {[%cal Bh1f1,Bf1f4,Bf4f8][%mdl 32]} Be6 14. Bxe6 Qxe6 15. f4 exf4 {The position is equal.} 16. Rxf4 O-O 17. Bd4 Nh5 18. Rxf8+ 1/2-1/2

[Event "105th British-ch 2018"]
[Site "Hull"]
[Date "2018.08.01"]
[Round "5"]
[White "Hawkins, Jonathan"]
[Black "Zakarian, David"]
[Result "1/2-1/2"]
[WhiteElo "2590"]
[BlackElo "2354"]
[Annotator "TA"]
[PlyCount "103"]
[EventDate "2018.07.28"]
[EventType "swiss"]
[EventCountry "GBR"]
[SourceTitle "playchess.com"]
[Source "ChessBase"]
[SourceQuality "1"]

{[%evp 25,103,5,12,-18,12,8,3,6,6,0,13,12,16,10,15,12,5,26,23,0,0,-2,0,0,-5,-20,41,0,9,10,18,17,18,17,14,15,17,22,31,23,23,10,11,9,9,10,6,0,0,6,38,0,0,0,0,0,0,-8,-8,-8,-8,-15,-1,-1,0,0,0,0,0,0,0,0,0,0,0,0,0,0,0,0]} 1. d4 Nf6 2. c4 e6 3. Nc3 Bb4 4. Qc2 d5 5. cxd5 Qxd5 6. e3 c5 7. Bd2 Bxc3 8. Bxc3 cxd4 9. Bxd4 Nc6 10. Bc3 O-O {E34: Nimzo-Indian: Classical: 4...d5} 11. Nf3 Rd8 12. Be2 Qc5 (12... Qe4 13. Rc1 Qxc2 14. Rxc2 Nd5 15. Ne5 Bd7 16. Nxc6 Bxc6 17. Bd2 Ne7 18. f3 {½-½ (38) Mamedyarov,S (2804)-Carlsen,M (2834) Wijk aan Zee 2018}) 13. Rc1 Nd5 {[#] LiveBook: 3 Games} 14. Qb1 $146 ({Predecessor:} 14. O-O Nxc3 15. Qxc3 Qxc3 16. Rxc3 Bd7 17. a3 Rac8 18. Rfc1 {½-½ (26) Karpov,A (2619)-Georgiev,K (2648) Puhajarve 2013}) 14... Nxc3 (14... Qe7 {is interesting.} 15. Bd3 g6 16. O-O e5 17. Be4 f6) 15. Rxc3 Qe7 16. Bd3 g6 17. O-O e5 18. Be4 Bd7 19. Rfc1 Be8 20. Rc5 Rd1+ 21. Rxd1 Qxc5 22. Rc1 Qe7 23. b4 Qxb4 24. Qxb4 Nxb4 25. Nxe5 Nc6 ({Black should try} 25... Nxa2 $11 26. Ra1 (26. Bxb7 Nxc1 27. Bxa8 a5 $15) 26... Rc8) 26. Nd3 Rd8 27. g4 b6 28. g5 Kg7 29. Kg2 h6 30. h4 hxg5 31. hxg5 Rc8 32. Ne5 {[%cal Re4c6]} Ne7 33. Rd1 f6 34. gxf6+ Kxf6 35. f4 Nf5 36. Kf3 Rc3 37. Bd3 (37. Rd3 {seems wilder.} Rc1 38. Ra3 a5 39. Rb3 b5 40. a3) 37... b5 38. e4 (38. Bxf5 $5 gxf5 39. Rd6+ Ke7 40. Ra6 $14) 38... Nd4+ {The position is equal.} 39. Ke3 Ne6 40. Ng4+ Kg7 41. Rf1 b4 {[#] White must now prevent ...Rxd3+!} 42. Ne5 Nc5 43. Rb1 Nxd3 44. Nxd3 $11 {[%mdl 4096] Endgame KRB-KRN} Bb5 45. Rb3 Rxb3 46. axb3 {KB-KN} a5 47. Nc5 Kf6 48. Kd4 Bc6 49. Nd3 Bb5 50. Nb2 Bc6 51. Nd3 Bb5 52. Nb2 {Precision: White = 51%, Black = 65%.} 1/2-1/2

[Event "105th British-ch 2018"]
[Site "Hull"]
[Date "2018.08.01"]
[Round "5"]
[White "Pert, Nicholas"]
[Black "Kolbus, Dietmar"]
[Result "1-0"]
[WhiteElo "2544"]
[BlackElo "2303"]
[Annotator "TA"]
[PlyCount "179"]
[EventDate "2018.07.28"]
[EventType "swiss"]
[EventCountry "GBR"]
[SourceTitle "playchess.com"]
[Source "ChessBase"]
[SourceQuality "1"]

{[%evp 9,179,28,37,43,34,48,45,44,48,0,19,-14,-1,-12,-27,-21,-27,-25,-25,-13,-6,-18,-28,-12,0,-43,-56,-72,-72,-101,-70,-120,-54,-189,33,22,54,33,122,120,121,120,120,106,116,119,335,327,335,0,7,0,320,314,322,324,318,0,78,0,329,0,76,84,74,10,14,0,72,0,12,12,19,19,25,46,79,81,85,78,87,87,87,87,87,87,87,87,87,78,130,97,145,56,83,29,31,29,77,27,52,11,18,13,19,18,19,17,21,18,50,51,142,142,129,137,145,141,463,429,810,852,415,341,330,326,307,316,422,422,422,422,1678,1635,2096,2041,2005,1944,1847,1741,29972,29967,29966,29963,29965,29967,29974,29973,29973,29974,29976,29976,29977,29976,29977,29977,29977,29977,29979,29978,29980,29981,29981,29982,29982,29982,29982,29983,29983,29984,29984,29985]} 1. d4 Nf6 2. Nf3 d6 3. Nc3 d5 (3... g6 4. e4 Bg7 5. Be2 O-O 6. O-O a6 7. a4 b6 8. h3 Bb7 9. d5 c6 10. Be3 cxd5 11. exd5 Nbd7 12. Qd2 Rc8 13. Rfd1 Nc5 14. Qe1 Nce4 15. Nxe4 Nxe4 16. c3 a5 {0-1 (49) Caruana,F (2802)-Nakamura,H (2786) chess.com INT 2017}) 4. Bf4 c6 5. e3 Bg4 6. h3 {A46: Damenbauernspiele} Bxf3 $146 ({Vorgänger:} 6... Bh5 7. g4 Bg6 8. Ne5 Nfd7 9. Nxg6 hxg6 10. h4 e6 11. h5 {½-½ (62) Fridman,D (2588)-Milanovic,D (2443) playchess.com INT 2004}) 7. Qxf3 e6 8. Bd3 {Weiß steht etwas besser.} Bd6 9. Be5 O-O 10. Qg3 Ne8 11. e4 Bxe5 12. dxe5 d4 13. Ne2 Qa5+ 14. c3 dxc3 15. Nxc3 Nd7 16. f4 Nc5 17. O-O Qb6 18. Kh2 Qxb2 19. Rac1 Rd8 20. Bb1 Rd2 (20... b6 $17 21. Rc2 Qb4) 21. f5 (21. Nd5 $1 $15 exd5 22. Rxc5) 21... b5 $2 ({Lieber} 21... Nc7 $19 22. Rfd1 Rxd1) 22. Nd5 $1 $14 {[%cal Rd5e7]} cxd5 23. Rxc5 dxe4 (23... exf5 $14 24. exf5 a6) 24. fxe6 $1 $16 fxe6 25. Rxf8+ Kxf8 26. Qf4+ Ke7 (26... Kg8 $2 27. Bxe4 Rf2 28. Qh4 $18) 27. Bxe4 {Droht stark Dg5+.} h6 $2 (27... Qd4 $16 {war angesagt.} 28. Rxb5 h6) 28. Qh4+ $1 $18 Kf8 29. Qf4+ $2 (29. Qh5 $1 $18 {Weiss droht Tc8 und Matt.} Ke7 30. Bc6) 29... Ke7 $11 30. Qh4+ $2 {[%mdl 8192]} (30. Bc6 $11) 30... Kf8 $18 31. Qh5 $1 {Droht Matt per Tc8.} (31. Qf4+ Ke7 $16) 31... Ke7 {Weiss muss nun ...Dd4 beachten.} 32. Bc6 $1 {[%csl Gc6,LRb5,LRe8][%cal Rh5e8]} Nc7 33. Bf3 $2 (33. Qg6 $1 $18 {[%cal Rg6g7]} Rf2 34. Qxg7+ Rf7 35. Qxh6) 33... Ne8 (33... Rc2 $2 34. Qh4+ g5 35. Rxc2 $18 (35. Qxh6 Rxc5 36. Qxg5+ Kf8 $18)) (33... Nd5 $11) 34. Bc6 $2 {[%mdl 8192]} (34. Qh4+ $1 $16 Kf8 35. Qe4 (35. Qf4+ Ke7 $16)) 34... Nc7 35. Bf3 $2 (35. Qg6 $1 $18 {[%cal Rg6g7]} Rf2 36. Qxg7+ Rf7 37. Qxh6) 35... Ne8 $16 {[#]} ({Aber nicht} 35... Rc2 $2 36. Qh4+ g5 37. Rxc2 $18) 36. Qh4+ $1 {[%mdl 1024] Weiss hat starke Kompensation.} Kf8 37. Qf4+ (37. Qe4 $16 Rd4 38. Qg6) 37... Ke7 $11 38. Qh4+ (38. Qe4 $11) 38... Kf8 $16 39. Qf4+ ({Besser ist} 39. Qg4 $16 Rd7 40. Qxe6) 39... Ke7 $11 40. Qe4 $40 {[%mdl 128] und nun wäre Lh5 stark für Weiss. Weiss greift an.} Qd4 41. Qxd4 Rxd4 42. Rxb5 {[%mdl 4096] Endspiel KTL-KTS} Rc4 {[#]} 43. Ra5 $1 Rc7 44. Kg3 g5 45. h4 gxh4+ 46. Kxh4 Ng7 47. g4 Kf8 48. Kg3 Ne8 49. Be4 Kf7 (49... Rg7 $142) 50. Ra3 Kg7 51. Rb3 (51. Kh4 $16) 51... Kf7 52. Rb8 (52. Rf3+ $16 Kg7 53. Ra3) 52... Rc3+ 53. Kf4 Ke7 54. a4 Rc4 55. a5 Nc7 56. Rh8 Nd5+ 57. Kf3 Rc3+ 58. Kf2 Ne3 59. Kg3 Nc4+ 60. Kf4 {Droht Th7+ und aus.} Nxa5 (60... Nd2 $1 $14) 61. Rh7+ $16 ({Finger weg von} 61. Rxh6 Rc4 $16) 61... Kf8 62. Rxh6 Nb3 63. Rxe6 {Und weiter mit Tf6+ wäre nett.} a5 $2 {[%mdl 8192]} (63... Rc4 $16 {leistet mehr Widerstand.}) 64. Ra6 $18 Nc5 (64... Nd4 $142 65. Rxa5 Rc1) 65. Ra8+ Ke7 66. Bd5 Rd3 67. Ra7+ ({Schlechter ist} 67. Rxa5 Rxd5 68. Kf5 Kf7 $11) 67... Kf8 68. Ba2 Ra3 69. Bf7 Ra1 {beabsichtigt ...Tf1+.} 70. e6 Re1 (70... Kg7 $142 71. Bh5+ Kf6) 71. Kf5 a4 72. g5 Ne4 73. Rxa4 Nd6+ 74. Kg6 Nxf7 {KTS-KT} 75. Ra8+ {Weiß setzt Matt.} Nd8 76. Rxd8+ {KT-KT} Ke7 77. Ra8 Rxe6+ 78. Kg7 Re1 79. g6 Re2 80. Ra1 Re3 81. Rf1 Re2 82. Kh7 Rh2+ 83. Kg8 Re2 84. g7 Re3 85. Rh1 Rg3 86. Kh8 Kf7 87. Rf1+ Ke7 88. g8=Q Rh3+ 89. Qh7+ $1 Rxh7+ 90. Kxh7 {Precision: Weiß = 56%, Schwarz = 38%.} 1-0

[Event "105th British-ch 2018"]
[Site "Hull"]
[Date "2018.08.01"]
[Round "5"]
[White "Fodor, Tamas Jr"]
[Black "Fernandez, Daniel H"]
[Result "1-0"]
[WhiteElo "2506"]
[BlackElo "2477"]
[Annotator "TA"]
[PlyCount "103"]
[EventDate "2018.07.28"]
[EventType "swiss"]
[EventCountry "GBR"]
[SourceTitle "playchess.com"]
[Source "ChessBase"]
[SourceQuality "1"]

{[%evp 18,103,63,43,43,43,56,43,41,48,46,33,56,50,35,0,55,46,335,333,337,334,333,308,329,315,328,306,315,227,231,231,218,186,186,189,191,191,191,206,221,217,197,188,215,218,214,213,245,236,255,252,297,288,599,601,607,609,601,608,608,591,598,598,590,550,529,525,520,520,802,743,696,662,1151,1134,849,426,1391,1355,1276,1251,1318,1308,1111,915,5114,5110]} 1. e4 d5 2. exd5 Qxd5 3. Nc3 Qa5 4. d4 Nf6 5. Nf3 Bg4 6. h3 Bxf3 7. Qxf3 c6 8. Bd3 e6 9. O-O Nbd7 {B01: Scandinavian Defence} (9... Bd6 10. Bd2 Qc7 11. Nd1 Nbd7 12. Ne3 Bf4 13. g3 Bd6 14. Nc4 O-O 15. c3 Rfe8 16. Rfe1 e5 17. dxe5 Nxe5 18. Nxe5 Bxe5 {½-½ (42) Gomez Garrido,C (2524)-Munoz Pantoja,M (2494) Barcelona 2017}) 10. Ne4 {LiveBook: 6 Games} Nxe4 11. Bxe4 Rd8 {White is slightly better.} 12. c3 Nf6 13. Bc2 $146 ({Predecessor:} 13. b4 Qb5 14. a4 Qc4 15. Bb1 a5 16. bxa5 Qd5 17. Qxd5 Nxd5 {1-0 (26) Kuklin,V (2268)-Becking,S (2339) Germany 2006}) 13... Be7 14. Bf4 O-O 15. Rfe1 Bd6 16. Be5 Qd5 (16... Bxe5 $11 17. dxe5 Nd5) 17. Qg3 $14 Nh5 $2 {[%mdl 8192]} ({Better is} 17... Bxe5 $14 18. Rxe5 (18. dxe5 Nd7 $14) 18... Qd7) 18. Qg4 $1 $18 g6 {[#]} 19. Bb3 $1 {[%cal Rb3d5]} Qb5 {[#]} 20. Bxd6 $1 Rxd6 21. Re5 f5 22. Qg5 ({Don't do} 22. Rxb5 fxg4 23. Rxb7 gxh3 $18) 22... Qb6 23. Bxe6+ Kh8 24. Bb3 Qd8 25. Qxd8 Rfxd8 26. Rae1 {Black must now prevent Re8+.} Nf6 27. f3 f4 28. h4 R8d7 29. Re7 Rxe7 30. Rxe7 Rd7 31. Rxd7 Nxd7 {[%mdl 4096] Endgame KB-KN} 32. Be6 Nb6 33. c4 {[%cal Bc3c4,Bc4c5][%mdl 32]} Na4 34. c5 Nxb2 35. Bc8 Nd1 $2 (35... b5 {is tougher.} 36. Bb7 Na4 37. Bxc6 Nc3) 36. Bxb7 {White is clearly winning.} Nc3 {intending ...Ne2+.} 37. Bxc6 Ne2+ 38. Kh2 Nxd4 39. Bd5 Kg7 40. c6 Nb5 41. Kh3 Nc7 42. Bb3 h5 43. g3 fxg3 (43... Kf6 $142 44. gxf4 Ke7) 44. Kxg3 Kf6 45. f4 Ke7 46. Bc2 Kf6 47. Be4 Ne8 (47... Ne6 $142 48. Kf3 Ke7 49. Bxg6 Nd4+ 50. Ke4 Nxc6 51. Bxh5 Ke6) 48. Kf3 Nc7 49. Ke3 Ne6 50. Bc2 Nc7 51. Ke4 Ne6 52. Kd5 {Precision: White = 67%, Black = 47%.} 1-0

[Event "105th British-ch 2018"]
[Site "Hull"]
[Date "2018.08.01"]
[Round "5"]
[White "Ghasi, Ameet K"]
[Black "Wells, Peter K"]
[Result "1-0"]
[WhiteElo "2494"]
[BlackElo "2426"]
[Annotator "TA"]
[PlyCount "61"]
[EventDate "2018.07.28"]
[EventType "swiss"]
[EventCountry "GBR"]
[SourceTitle "playchess.com"]
[Source "ChessBase"]
[SourceQuality "1"]

{[%evp 23,61,6,-4,-31,-27,-19,-1,-16,16,2,41,15,104,110,112,96,106,107,99,122,111,106,192,191,287,275,250,181,183,188,298,288,289,271,980,966,876,875,5306,5306]} 1. c4 e6 2. Nf3 d5 3. e3 Nf6 4. Nc3 a6 5. b3 c5 6. cxd5 exd5 7. d4 Nc6 8. Bb2 Bg4 9. dxc5 Bxc5 10. Be2 O-O 11. O-O Qd6 12. Rc1 Rad8 {LiveBook: 12 Partien. D32: Damengambit (Tarrasch-Verteidigung)} 13. Qc2 {Sxd5! ist eine echte Drohung.} Ba7 {[#]} 14. Ng5 $146 ({Vorgänger:} 14. Rfd1 Rfe8 15. a3 h5 16. h3 Bc8 17. Bc4 Ne7 18. Bd3 Nc6 19. Ne2 Qe7 20. Ned4 Nxd4 21. Nxd4 {0-1 (67) Portisch,L (2605)-Suba,M (2580) Reggio Emilia 1986}) 14... Nb4 {Die Stellung ist ausgeglichen.} 15. Qb1 {[#] Schwarz muss nun Lxg4 beachten.} g6 ({Doch nicht} 15... Bxe2 $6 16. Nxe2 g6 17. h3 $16) 16. Rcd1 Rfe8 17. a3 h6 (17... Bb8 $11 {bleibt in der Remisbreite.} 18. g3 Bxe2 19. Nxe2 Nc6) 18. axb4 $16 {Droht Sge4 und aus.} hxg5 {[#]} 19. Nxd5 $1 {[%mdl 512]} Nxd5 20. Bxg4 {Und weiter mit Lf3 wäre nett.} Bb8 {[%csl Gb8][%cal Rd6h2]} 21. g3 {zielt auf Lf3 ab.} Qxb4 22. Bf3 Ne7 (22... Nc3 $16 {ist eine bessere Verteidigung.} 23. Bxc3 Qxc3) 23. Ba1 $18 Rxd1 (23... Nc6 $142 24. Rxd8 (24. Qb2 Be5 $14) 24... Nxd8) 24. Rxd1 {[%cal Bf1d1,Bd1d7,Bd7b7,Bb7b8][%mdl 32] Weiss droht Db2 und Matt.} Nf5 25. Rd7 $40 {[%mdl 128] Droht stark Ld5. Weiss riecht Blut.} Be5 26. Rxb7 Qd2 (26... Qd6 $142 27. Bxe5 Qxe5) 27. Bxe5 Rxe5 28. Qa1 g4 $2 (28... Qa5 29. Rb8+ Kg7) 29. Rb8+ {Weiß steht klar auf Gewinn.} Kh7 30. Qxe5 {[%csl Gb8][%cal Re5h8]} Qe1+ 31. Kg2 {Precision: Weiß = 91%, Schwarz = 28%.} 1-0

[Event "105th British-ch 2018"]
[Site "Hull"]
[Date "2018.08.01"]
[Round "5"]
[White "Emms, John M"]
[Black "Hebden, Mark L"]
[Result "1/2-1/2"]
[WhiteElo "2488"]
[BlackElo "2423"]
[Annotator "TA"]
[PlyCount "100"]
[EventDate "2018.07.28"]
[EventType "swiss"]
[EventCountry "GBR"]
[SourceTitle "playchess.com"]
[Source "ChessBase"]
[SourceQuality "1"]

{[%evp 28,100,0,0,27,22,24,0,10,4,13,9,28,20,68,70,69,49,58,49,75,66,87,75,118,101,183,187,186,186,186,199,268,249,266,254,254,283,288,227,222,158,164,143,215,0,139,74,94,33,33,33,33,33,33,33,33,33,33,33,33,32,69,15,31,47,47,15,47,14,14,14,14,14,14]} 1. e4 e5 2. Nf3 Nc6 3. Bb5 a6 4. Ba4 Nf6 5. O-O Be7 6. Re1 b5 7. Bb3 O-O 8. d3 d6 9. c3 Na5 10. Bc2 c5 11. Nbd2 Re8 12. Nf1 g6 {C90: Closed Ruy Lopez with 7...d6: Early deviations} (12... Nc6 13. Ne3 Bf8 14. a4 b4 15. Nd5 h6 16. a5 Nxd5 17. exd5 Nxa5 18. Ba4 Re7 19. Nd2 Rb8 20. c4 Nb7 21. Ne4 f5 22. Ng3 {1-0 (43) Carlsen,M (2837)-Ding,L (2774) Saint Louis 2017}) 13. a3 Nc6 14. Bb3 Na5 $146 ({Predecessor:} 14... Bd7 15. Ng5 Rf8 16. Ng3 Ne8 17. Nf3 Ng7 18. h3 Be6 19. Bh6 c4 20. Ba2 {½-½ (33) Emms,J (2509)-Nixon,T (2195) Douglas 2005}) 15. Bc2 {LiveBook: 3 Games} Nc6 16. Ne3 Bf8 17. Bb3 Be6 18. Bxe6 fxe6 19. h3 Ra7 20. Ng4 h5 21. Nxf6+ Qxf6 22. Bg5 Qg7 23. b4 Rc7 24. Qb3 Qf7 25. Bd2 d5 26. bxc5 d4 (26... Bxc5 $16 {is a better defense.} 27. exd5 exd5) 27. c4 $18 Rb7 28. Rec1 Qc7 29. cxb5 Rxb5 (29... axb5 $142 30. h4 Qd7) 30. Qa2 Qd7 31. Rab1 Rxc5 32. Rxc5 Bxc5 33. Qc4 Bxa3 34. Qxa6 Bd6 35. Rc1 Nd8 (35... Rc8 $16 36. Qb5 Kg7) 36. Rb1 $2 {[#]} ({White should play} 36. Bg5 $18) 36... Nf7 (36... Nc6 $1 $11) 37. Ng5 (37. Rb7 $142 Qd8 38. h4) 37... Qc8 38. Qb5 (38. Qxc8 $16 Rxc8 39. Nxe6) 38... Nxg5 $14 39. Bxg5 {[#] Black must now prevent Rc1.} Qb8 $1 40. Qxb8 Rxb8 41. Rxb8+ Bxb8 {[%mdl 4096] Endgame KB-KB} 42. Kf1 Kf7 43. Ke2 Ke8 44. Kf3 Kd7 45. g4 (45. Kg3 $1 $14) 45... hxg4+ 46. Kxg4 Ke8 47. h4 Kf7 48. h5 gxh5+ {The position is equal.} 49. Kxh5 Bd6 50. Kg4 Bc7 {Precision: White = 44%, Black = 45%.} 1/2-1/2

[Event "105th British-ch 2018"]
[Site "Hull"]
[Date "2018.08.01"]
[Round "5"]
[White "Gormally, Daniel W"]
[Black "Palliser, Richard Jd"]
[Result "1/2-1/2"]
[WhiteElo "2478"]
[BlackElo "2418"]
[Annotator "TA"]
[PlyCount "71"]
[EventDate "2018.07.28"]
[EventType "swiss"]
[EventCountry "GBR"]
[SourceTitle "playchess.com"]
[Source "ChessBase"]
[SourceQuality "1"]

{[%evp 11,71,38,35,-7,35,-6,11,-27,-23,-27,-22,-33,-19,-18,0,0,0,0,0,-14,14,0,25,11,10,8,13,19,24,25,29,12,16,0,0,0,0,0,0,-47,-57,-53,-47,-38,-18,-19,-23,-35,-13,-15,0,-20,0,0,3,0,0,0,0,-52,-65,-52]} 1. e4 c6 2. d4 d5 3. e5 Bf5 4. Nf3 e6 5. Be2 Nd7 6. O-O Bg6 {LiveBook: 583 Games} 7. Nc3 {B12: Caro-Kann: Advance Variation} (7. Nbd2 Nh6 8. Nb3 Nf5 9. c3 Rc8 10. g4 Ne7 11. Be3 h5 12. h3 hxg4 13. hxg4 Be4 14. Nbd2 c5 {1-0 (56) Anand,V (2776)-Artemiev,V (2697) Moscow 2018}) 7... Ne7 {[%cal Bg8e7,Be7c8,Bc8b6][%mdl 32]} 8. Rb1 Nc8 $146 ({Predecessor:} 8... Nf5 9. Bd3 Be7 10. Ne2 c5 11. c3 Qb6 12. Be3 O-O 13. Nf4 cxd4 14. Nxg6 hxg6 15. cxd4 {½-½ (22) Polyakov,E (2039)-Tkachenko,O ICCF email 2013}) 9. b4 {The position is equal.} Be7 10. h3 O-O 11. Bd3 Ncb6 12. Ne2 Bxd3 13. cxd3 a5 14. b5 c5 15. dxc5 Nxc5 16. Be3 Qd7 17. Qd2 Nca4 18. Rfc1 Ba3 19. Rc2 Rfc8 20. Rxc8+ Qxc8 21. Qd1 Qf8 22. Bd2 Nc5 23. Nf4 Ncd7 24. Bc3 Bb4 25. Bxb4 axb4 26. Qd2 Qc5 27. Ne2 {[%cal Bf4e2,Be2c1,Bc1b3][%mdl 32]} Qxb5 28. Rxb4 Qa5 29. Nc1 Rc8 {[#] Hoping for ...Rxc1+!} 30. Nb3 Qa3 31. Rg4 Qe7 32. a4 Nf8 33. h4 Nbd7 34. Rb4 Rc2 35. Qxc2 ({Better is} 35. Qe1 $11) 35... Qxb4 $15 36. a5 {Precision: White = 54%, Black = 48%.} 1/2-1/2

[Event "105th British-ch 2018"]
[Site "Hull"]
[Date "2018.08.01"]
[Round "5"]
[White "Ward, Chris G"]
[Black "Abdulla, Murad"]
[Result "1-0"]
[WhiteElo "2434"]
[BlackElo "2281"]
[Annotator "TA"]
[PlyCount "95"]
[EventDate "2018.07.28"]
[EventType "swiss"]
[EventCountry "GBR"]
[SourceTitle "playchess.com"]
[Source "ChessBase"]
[SourceQuality "1"]

{[%evp 12,95,5,7,35,33,28,27,49,26,37,35,52,34,40,30,43,36,41,33,53,29,41,29,56,11,24,0,29,0,26,0,0,-16,-8,0,33,33,40,46,52,50,330,16,15,25,25,-83,-79,-67,-60,-73,-65,-58,-33,-33,0,0,20,11,34,5,27,16,34,34,42,27,28,36,295,175,166,181,153,174,293,229,255,243,444,435,443,448,440,435]} 1. d4 {[%cal Bd2d4,Bd4d5][%mdl 32]} Nf6 2. c4 c5 3. d5 b5 4. a4 Qa5+ (4... b4 5. Nd2 g6 6. e4 d6 7. g3 Bg7 8. Bg2 O-O 9. Ne2 Nbd7 10. O-O Rb8 11. Rb1 e6 12. dxe6 fxe6 13. b3 Bb7 14. Bb2 Qe7 {0-1 (40) Ponomariov,R (2731)-Aronian,L (2803) Beijing 2013}) 5. Bd2 b4 6. Qc2 {A57: Benko/Volga Gambit} d6 7. e4 {LiveBook: 3 Games} e5 $146 ({Predecessor:} 7... g6 8. b3 Bg7 9. Ra2 Nxe4 10. Bd3 Nxd2 11. Nxd2 O-O 12. h4 {0-1 (74) Semenov,R (2193)-Lopukhin,A (2329) Tambov 2014}) 8. Bd3 {White is slightly better.} Be7 9. Ne2 {[%cal Bg1e2,Be2g3,Bg3f5][%mdl 32]} Qc7 10. a5 Nbd7 11. Ng3 h6 12. Nf5 Bf8 13. Qc1 Ba6 14. f3 h5 15. h4 O-O-O 16. Be3 g6 17. Ng3 Be7 18. Nd2 Rdf8 19. Bc2 Ng8 20. Ba4 f5 {White must now prevent ...f4.} 21. Bf2 Kb8 22. Bb5 Bc8 23. a6 f4 24. Ne2 Nh6 25. Nb3 Nf7 26. Na5 {And now Nc6+ would win.} Bf6 $2 {[%mdl 8192]} (26... Nd8 $14) 27. Bc6 $2 (27. Nc6+ $1 $18 Ka8 28. Nxb4 $1 {[%mdl 512]}) 27... Nd8 $11 28. Bb7 Nb6 29. Nc6+ (29. Ra2 $11) 29... Nxc6 $17 30. Bxc6 Rfg8 31. Rh2 Qe7 32. b3 Rh7 33. Kd2 Rhg7 34. Qh1 Qd8 35. Nc1 Bd7 36. Bxd7 Qxd7 37. Nd3 Be7 38. Ra5 Kc7 39. Rb5 {[%cal Rf2c5]} Qc8 40. Qa1 {[%cal Rf2c5] Strongly threatening Bxc5!} Kd8 $2 {[%mdl 8192] [#]} ({Black should play} 40... Kb8 $14) 41. Qa5 (41. Nxb4 $142 $1 {[%mdl 512]} cxb4 42. Bxb6+ axb6 43. c5 (43. a7 Kc7 $15)) 41... Ke8 $18 42. Rxb6 $1 axb6 43. Qxb6 Qa8 {[#]} (43... Qd8 $142 44. Qb5+ Kf8) 44. Bxc5 $1 {[%mdl 512]} dxc5 45. Nxe5 {Qe6 is the strong threat.} Qc8 $2 (45... Bd8 {is a better defense.} 46. Qb5+ Kf8) 46. a7 {White is clearly winning.} Bd6 47. Qxd6 {aiming for Qb8.} Rxa7 48. Nc6 {Precision: White = 48%, Black = 42%.} 1-0

[Event "105th British-ch 2018"]
[Site "Hull"]
[Date "2018.08.01"]
[Round "5"]
[White "Mcphillips, Joseph"]
[Black "Kalavannan, Koby"]
[Result "0-1"]
[WhiteElo "2402"]
[BlackElo "2277"]
[Annotator "NA"]
[PlyCount "60"]
[EventDate "2018.07.28"]
[EventType "swiss"]
[EventCountry "GBR"]
[SourceTitle "playchess.com"]
[Source "ChessBase"]
[SourceQuality "1"]
[TimeControl "40/5400+30:1800+30"]

1. b4 {[%emt 0:06:33]} e5 {[%emt 0:00:00]} 2. Bb2 {[%emt 0:00:22]} Bxb4 {[%emt 0:00:00]} 3. Bxe5 {[%emt 0:00:16]} Nf6 {[%emt 0:00:00]} 4. Nf3 {[%emt 0:00:33]} O-O {[%emt 0:00:44]} 5. e3 {[%emt 0:00:11]} Re8 {[%emt 0:00:24]} 6. Bb2 {[%emt 0:01:13]} d5 {[%emt 0:01:10]} 7. a3 {[%emt 0:00:40]} Ba5 {[%emt 0:05:11]} 8. c4 {[%emt 0:02:51]} Bf5 {[%emt 0:20:45]} 9. cxd5 {[%emt 0:00:20]} Nxd5 {[%emt 0:08:38]} 10. Be2 {[%emt 0:00:14]} c5 {[%emt 0:22:30]} 11. O-O {[%emt 0:01:58]} Qb6 {[%emt 0:02:06]} 12. Qc1 {[%emt 0:00:28]} Nc6 {[%emt 0:09:09]} 13. d3 {[%emt 0:00:39]} Nf4 {[%emt 0:01:06]} 14. Qc2 {[%emt 0:02:42]} Nxe2+ {[%emt 0:01:24]} 15. Qxe2 {[%emt 0:00:04]} Bxd3 {[%emt 0:00:02]} 16. Qxd3 {[%emt 0:00:34]} Qxb2 {[%emt 0:00:07]} 17. Nbd2 {[%emt 0:00:19]} Bxd2 {[%emt 0:11:11]} 18. Qxd2 {[%emt 0:01:00]} Qxd2 {[%emt 0:00:08]} 19. Nxd2 {[%emt 0:00:02]} Rad8 {[%emt 0:01:29]} 20. Nb3 {[%emt 0:00:25]} c4 {[%emt 0:00:39]} 21. Nc5 {[%emt 0:00:19]} b6 {[%emt 0:01:47]} 22. Na6 {[%emt 0:00:20]} Na5 {[%emt 0:02:50]} 23. Nb4 {[%emt 0:08:06]} Rd2 {[%emt 0:02:00]} 24. Rab1 {[%emt 0:00:08]} Rc8 {[%emt 0:03:03]} 25. Rfc1 {[%emt 0:00:35]} c3 {[%emt 0:00:36]} 26. Nc2 {[%emt 0:01:11]} Nc4 {[%emt 0:01:08]} 27. Rb3 {[%emt 0:00:26]} Ne5 {[%emt 0:00:16]} 28. Ne1 {[%emt 0:01:22]} c2 {[%emt 0:00:46]} 29. Rbb1 {[%emt 0:00:25]} Nd3 {[%emt 0:00:31]} 30. Rd1 {[%emt 0:00:46]} cxd1=Q {[%emt 0:00:34]} 0-1